000 00360nam a2200133Ia 4500
008 151001s9999||||xx |||||||||||||| ||und||
100 _aसुषमा देशमुख
245 _aसंगत-पंगत
250 _a1
260 _bसुरस प्रकाशन पंजाब
260 _c1987
300 _a206
365 _b18
999 _c968801
_d968798